000 01057nam a22002657i 4500
003 EG-ScBUE
005 20221120034118.0
008 220731s1998 ua o f 000 0 ara d
040 _aEG-ScBUE
_bara
_erda
_cEG-ScBUE
_dEG-ScBUE
043 _ama-----
082 0 4 _222
_a‪791.430904
_bد ر و
100 1 _a‪درويش، قصي صالح،
_eمؤلف.
245 1 0 _a‪عن السينما العربية :
_b‪قراءات نقدية فى افلام التسعينات /
_cقصي صالح درويش.
264 1 _aالقاهرة :
_b‪الهيئة العامة لقصور الثقافة،
_c[1998]
300 _a204 صفحة :
_bصور ؛
_c24 سم.
336 _2rdacontent
_aنص
_btxt
337 _2rdamedia
_aبدون وسيط
_bn
338 _2rdacarrier
_aمجلد
_bnc
490 0 _aآفاق السينما
650 7 _a‪السينما
_z‪الدول العربية.
_2BUEsh
650 7 _a‪الأفلام السينمائية
_z‪الدول العربية.
_2BUEsh
653 _bART
_cNovember2022
655 _vReading book
942 _2ddc
999 _c29984
_d29955